[Event "Kaliningrad Amateur U20"]
[Site "Kaliningrad"]
[Date "2019.06.19"]
[Round "9.7"]
[White "Vlasov, Dmitriy"]
[Black "Arutyunov, Stepan1111"]
[Result "0-1"]
[WhiteElo "1334"]
[BlackElo "1303"]
[PlyCount "84"]
[EventDate "2019.06.13"]
[EventType "swiss"]
[EventRounds "9"]
[EventCountry "RUS"]
[SourceTitle "EXT 2022"]
[Source "ChessBase"]
[SourceDate "2021.10.06"]
[SourceVersion "1"]
[SourceVersionDate "2021.10.06"]
[SourceQuality "1"]

1. e4 e6 2. d4 d5 3. e5 c5 4. c3 Nc6 5. Nf3 Qb6 6. Be2 cxd4 7. cxd4 Nge7 8. Nc3 Nf5 9. Na4 Qa5+ 10. Bd2 Bb4 11. Bc3 Bd7 12. g4 Ncxd4 13. gxf5 Nxf3+ 14. Bxf3 Bxa4 15. Qd4 Bxc3+ 16. Qxc3 Qxc3+ 17. bxc3 Ke7 18. Rg1 g6 19. f6+ Kd7 20. Rg4 Bc6 21. 0-0-0 Rhd8 22. Kb2 h5 23. Rgd4 Kc7 24. h4 Bb5 25. Bg2 Bc4 26. Bf1 Bxf1 27. Rxf1 b5 28. a4 a6 29. a5 Kb7 30. Rfd1 Rac8 31. Kb3 Rc4 32. R1d2 Rdc8 33. R2d3 Rxd4 34. Rxd4 Rc4 35. f3 Kc7 36. Kb2 Ra4 37. Kb3 Rxa5 38. Kb4 Ra4+ 39. Kb3 Rxd4 40. cxd4 Kd7 41. Kb4 Kc6 42. Ka5 Kb7 0-1

[Event "Kaliningrad Amateur U20"]
[Site "Kaliningrad"]
[Date "2019.06.14"]
[Round "2.2"]
[White "Mikhaylov, Artem"]
[Black "Vlasov, Dmitriy"]
[Result "1-0"]
[WhiteElo "1764"]
[BlackElo "1334"]
[PlyCount "87"]
[EventDate "2019.06.13"]
[EventType "swiss"]
[EventRounds "9"]
[EventCountry "RUS"]
[SourceTitle "EXT 2022"]
[Source "ChessBase"]
[SourceDate "2021.10.06"]
[SourceVersion "1"]
[SourceVersionDate "2021.10.06"]
[SourceQuality "1"]

1. d4 d5 2. Nf3 Nf6 3. g3 Bf5 4. c4 e6 5. Bg2 c6 6. 0-0 Be7 7. Nc3 0-0 8. Qb3 Qc8 9. Bf4 dxc4 10. Qxc4 Nbd7 11. Rac1 Nb6 12. Qb3 Nfd5 13. Bd2 Rd8 14. Rfe1 Nxc3 15. Bxc3 Be4 16. a4 Bd5 17. Qc2 Bxf3 18. Bxf3 Nd5 19. Bd2 Bb4 20. Bxd5 Bxd2 21. Bxe6 Qxe6 22. Qxd2 Rd7 23. e3 Qd5 24. Qb4 Qd6 25. Qxd6 Rxd6 26. Rc5 Rad8 27. Rec1 f6 28. b4 Rd5 29. Rxd5 Rxd5 30. Rc5 Rd7 31. Kf1 Kf7 32. Ke2 Ke6 33. Kd3 Kd6 34. b5 Rc7 35. e4 b6 36. Rxc6+ Rxc6 37. bxc6 Kxc6 38. Kc4 a6 39. d5+ Kd6 40. f4 g6 41. Kd4 b5 42. axb5 axb5 43. e5+ Ke7 44. Kc5 1-0

[Event "Kaliningrad Amateur U20"]
[Site "Kaliningrad"]
[Date "2019.06.14"]
[Round "3.6"]
[White "Vlasov, Dmitriy"]
[Black "Baranova, Zlatoslava"]
[Result "1-0"]
[WhiteElo "1334"]
[BlackElo "1111"]
[PlyCount "85"]
[EventDate "2019.06.13"]
[EventType "swiss"]
[EventRounds "9"]
[EventCountry "RUS"]
[SourceTitle "EXT 2022"]
[Source "ChessBase"]
[SourceDate "2021.10.06"]
[SourceVersion "1"]
[SourceVersionDate "2021.10.06"]
[SourceQuality "1"]

1. e4 e5 2. Nf3 Nc6 3. Bb5 d6 4. d4 exd4 5. Nxd4 Bd7 6. Nxc6 Bxc6 7. Bxc6+ bxc6 8. 0-0 Be7 9. Bf4 Nf6 10. Nd2 0-0 11. Re1 Nd7 12. Nf3 Bf6 13. c3 Re8 14. Qc2 Ne5 15. Nd4 c5 16. Bxe5 Bxe5 17. Nf3 Qf6 18. Re2 Re7 19. Rae1 Rae8 20. Qa4 Ra8 21. Qc6 Ree8 22. Nxe5 Qxe5 23. Qxc7 Re7 24. Qc6 Rae8 25. Qb5 Qf4 26. Qd3 Re6 27. Qe3 Qxe3 28. Rxe3 Rb8 29. Rb1 Kf8 30. f3 Rbe8 31. Kf2 f5 32. Rbe1 fxe4 33. Rxe4 Rxe4 34. Rxe4 Rxe4 35. fxe4 Kf7 36. b4 Ke6 37. b5 d5 38. Ke3 Ke5 39. a4 dxe4 40. a5 Kd6 41. Kxe4 Kc7 42. Kd5 Kb7 43. Kxc5 1-0